| 000 | 00527nam a2200181Ia 4500 | ||
|---|---|---|---|
| 005 | 20250618133110.0 | ||
| 008 | 008 250516s9999 xx 000 0 eng d | ||
| 020 | _a9780262039963 | ||
| 040 |
_beng _cSDCL |
||
| 041 |
_aeng _2eng |
||
| 084 | _aRxM92 Q9 | ||
| 100 |
_aCannon, Frances _9809758 |
||
| 245 | 0 |
_aWalter benjamin reimagined : _bA graphic translation of poetry, prose, aphorisms, and dreams |
|
| 260 |
_aLondon: _bThe Mit Press, _c2019. |
||
| 300 | _axxvi,149p. | ||
| 650 | _aPhilosophy | ||
| 942 |
_cTEXL _2CC |
||
| 999 |
_c1429842 _d1429842 |
||